[Event "Continental"]
[Site "Sao Paulo BRA"]
[Date "2009.07.30"]
[Round "7.67"]
[White "Ramon Pita, Vivian"]
[Black "Mourao, Igor A. C. Lofredo"]
[Result "1/2-1/2"]
[WhiteElo "2233"]
[BlackElo "2041"]
[EventDate "2009.07.25"]
[PlyCount "43"]

1.d4 d5 2.Nf3 Nf6 3.e3 e6 4.b3 Bb4+ 5.c3 Bd6 6.Bb2 Nbd7 7.c4 b6 8.Nbd2 Bb7
9.Bd3 O-O 10.O-O c5 11.Ne5 Qc7 12.f4 Ne4 13.Rc1 f6 14.Nxd7 Qxd7 15.Nxe4 
dxe4 16.Be2 Qe7 17.Qe1 cxd4 18.Bxd4 e5 19.fxe5 Bxe5 20.Qh4 Rad8 21.Rcd1 
Bxd4 22.exd4 1/2-1/2

[Event "Continental"]
[Site "Sao Paulo BRA"]
[Date "2009.07.30"]
[Round "7.68"]
[White "Silva, Sergio"]
[Black "Chemin, Vitorio"]
[Result "1/2-1/2"]
[WhiteElo "2072"]
[BlackElo "2228"]
[EventDate "2009.07.25"]
[PlyCount "82"]

1.d4 d5 2.Nf3 c5 3.c3 cxd4 4.cxd4 e6 5.Nc3 Nf6 6.Bf4 Be7 7.e3 O-O 8.Bd3 
Nc6 9.a3 a6 10.Rc1 Nh5 11.Bg3 g6 12.Be2 Bd7 13.Ne5 Nxg3 14.Nxc6 Bxc6 15.
hxg3 Bf6 16.O-O Qd7 17.b4 e5 18.dxe5 Bxe5 19.Bf3 Rfd8 20.Qd2 a5 21.Rfd1 
axb4 22.axb4 d4 23.Bxc6 bxc6 24.Ne2 d3 25.Nf4 Ra3 26.Rc5 Bd6 27.Rc4 Bxf4 
28.gxf4 Qe6 29.Qc1 d2 30.Qc2 Ra6 31.Qc3 Ra3 32.Qc2 Qg4 33.Rd4 Rxd4 34.exd4
Ra2 35.Qb3 Rb2 36.f3 Rxb3 37.fxg4 Rd3 38.Kf2 f5 39.gxf5 gxf5 40.Ke2 Rxd4 
41.Rxd2 Rxb4 1/2-1/2

[Event "Continental"]
[Site "Sao Paulo BRA"]
[Date "2009.07.30"]
[Round "7.69"]
[White "Ueti, Silvio Shigueo"]
[Black "Santos Junior, Braulio dos"]
[Result "1-0"]
[WhiteElo "2228"]
[BlackElo "2035"]
[EventDate "2009.07.25"]
[PlyCount "47"]

1.e4 e5 2.f4 Nc6 3.Nf3 f5 4.exf5 e4 5.Ng5 Nf6 6.d3 d5 7.Be2 Bxf5 8.g4 Bd7 
9.dxe4 dxe4 10.Nc3 h6 11.Ngxe4 Nxe4 12.Nxe4 Qh4+ 13.Ng3 O-O-O 14.O-O Bc5+ 
15.Kg2 Be6 16.Qe1 Bd5+ 17.Bf3 Rhe8 18.Qc3 Bxf3+ 19.Qxf3 Nd4 20.Qc3 Qxg4 
21.Qxc5 Re2+ 22.Kh1 Qh3 23.Nxe2 Qxf1+ 24.Ng1 1-0

[Event "Continental"]
[Site "Sao Paulo BRA"]
[Date "2009.07.30"]
[Round "7.85"]
[White "Neto, Eugenio Herbst"]
[Black "Calcado, Acyr Rogerio"]
[Result "0-1"]
[WhiteElo "1976"]
[BlackElo "2201"]
[EventDate "2009.07.25"]
[PlyCount "44"]

1.d4 Nf6 2.Nf3 b6 3.c4 e6 4.Nc3 Bb7 5.Qc2 c5 6.Bg5 Bxf3 7.exf3 cxd4 8.Nb5 
Nc6 9.O-O-O Bc5 10.Qa4 O-O 11.f4 a6 12.Na3 b5 13.Qb3 Bxa3 14.Qxa3 Qc7 15.
Qh3 Ne4 16.Bd3 f5 17.Qf3 Nxg5 18.fxg5 bxc4 19.Bb1 Rab8 20.Rd2 c3 21.bxc3 
Ne5 22.Qe2 Qxc3+ 0-1

[Event "Continental"]
[Site "Sao Paulo BRA"]
[Date "2009.07.30"]
[Round "7.86"]
[White "Pertuzatti, Daniel"]
[Black "Terao, Juliana Sayumi"]
[Result "1/2-1/2"]
[WhiteElo "2011"]
[BlackElo "2168"]
[EventDate "2009.07.25"]
[PlyCount "125"]

1.f4 e6 2.Nf3 c5 3.g3 d5 4.Bg2 Nc6 5.Nc3 Nf6 6.O-O a6 7.d3 Qc7 8.e4 Be7 9.
h3 b5 10.Qe2 Bb7 11.Nd1 O-O 12.Nf2 Rac8 13.e5 Nd7 14.Ng4 Rfe8 15.Bd2 Nf8 
16.h4 Qd8 17.Kh2 f5 18.exf6 Bxf6 19.Nfe5 Nd4 20.Qd1 Nf5 21.Qe1 Ba8 22.
Nxf6+ Qxf6 23.Qf2 d4 24.Bh3 Qd8 25.Rfe1 Nh6 26.Re2 Bd5 27.Rae1 Nf5 28.h5 
a5 29.a4 bxa4 30.Ra1 Rb8 31.Bc1 Nd7 32.Rxa4 Nxe5 33.Rxe5 Nh6 34.Qe1 Nf7 
35.Bxe6 Bxe6 36.Rxe6 Qd7 37.Rxe8+ Rxe8 38.Qxa5 h6 39.Bd2 Qg4 40.Be1 Re2+ 
41.Kg1 Qxh5 42.Bf2 Rxc2 43.Qa8+ Kh7 44.Qe4+ g6 45.Ra7 Kg7 46.Bxd4+ cxd4 
47.Qxd4+ Kg8 48.Ra8+ Kh7 49.Rh8+ Nxh8 50.Qd7+ Kg8 51.Qd8+ Kf7 52.Qd7+ Kf6 
53.Qd6+ Kg7 54.Qd4+ Kg8 55.Qd8+ Kf7 56.Qd7+ Kf6 57.Qd6+ Kf5 58.Qd7+ Kf6 
59.Qd6+ Kg7 60.Qd4+ Kh7 61.Qd7+ Kg8 62.Qd8+ Kf7 63.Qd7+ 1/2-1/2

[Event "Continental"]
[Site "Sao Paulo BRA"]
[Date "2009.07.30"]
[Round "7.87"]
[White "Carvalho, Felipe Lobo"]
[Black "Guerrero Avila, Hernando"]
[Result "1/2-1/2"]
[WhiteElo "2141"]
[BlackElo "1985"]
[EventDate "2009.07.25"]
[PlyCount "59"]

1.e4 e6 2.d3 d5 3.Nd2 Nf6 4.Ngf3 Be7 5.g3 c5 6.Bg2 Nc6 7.O-O O-O 8.Re1 b5 
9.e5 Nd7 10.Nf1 a5 11.h4 b4 12.Bf4 Ba6 13.Ng5 Qe8 14.Qg4 Nd4 15.Ne3 Bxg5 
16.hxg5 g6 17.Qh3 Nf5 18.Ng4 Kh8 19.Kh2 Rg8 20.Rh1 Rg7 21.Kg1 Nf8 22.Nf6 
Qa4 23.b3 Qb5 24.Bxd5 exd5 25.e6 fxe6 26.Be5 Qb7 27.g4 Nd4 28.Nxh7 Nf3+ 
29.Qxf3 Nxh7 30.Qf6 1/2-1/2

[Event "Continental"]
[Site "Sao Paulo BRA"]
[Date "2009.07.30"]
[Round "7.88"]
[White "Shiroma, Silvio Haruo"]
[Black "Salama, Andre Sasson"]
[Result "0-1"]
[WhiteElo "2119"]
[BlackElo "1983"]
[EventDate "2009.07.25"]
[PlyCount "102"]

1.e4 e6 2.d4 d5 3.Nd2 dxe4 4.Nxe4 Bd7 5.Nf3 Bc6 6.Bd3 Nd7 7.Qe2 Ngf6 8.Bd2
Be7 9.O-O-O Nxe4 10.Bxe4 Bxe4 11.Qxe4 c6 12.h4 Nf6 13.Qe2 Qd5 14.Kb1 Qe4 
15.Qf1 Qf5 16.Ne5 Ne4 17.Be3 Nf6 18.f3 h5 19.Qg1 Nd5 20.g4 hxg4 21.fxg4 
Qe4 22.Re1 Rxh4 23.Rxh4 Bxh4 24.Bf2 Bxf2 25.Qxf2 Qf4 26.Qh4 Qh6 27.Qxh6 
gxh6 28.Rh1 f6 29.Rxh6 O-O-O 30.Ng6 Ne3 31.Ne7+ Kd7 32.Rh7 Kd6 33.c3 Rd7 
34.Nc8+ Kc7 35.Rh8 Nxg4 36.Nxa7 Rd8 37.Rxd8 Kxd8 38.a4 Kc7 39.c4 Ne3 40.b3
Kb8 41.Nxc6+ bxc6 42.Kb2 f5 43.Kc3 f4 44.Kd3 Nf5 45.Ke4 f3 46.Kxf3 Nxd4+ 
47.Ke4 Nxb3 48.Ke5 Kc7 49.Kxe6 Kb6 50.Kd6 c5 51.Kd5 Ka5 0-1

[Event "Continental"]
[Site "Sao Paulo BRA"]
[Date "2009.07.30"]
[Round "7.89"]
[White "Jardim, Daphne Tofano"]
[Black "Ferreira, Kleber Victor"]
[Result "1/2-1/2"]
[WhiteElo "1940"]
[BlackElo "2094"]
[EventDate "2009.07.25"]
[PlyCount "70"]

1.d4 d5 2.c4 e5 3.dxe5 d4 4.Nf3 Nc6 5.g3 Be6 6.Nbd2 Qd7 7.Bg2 Bh3 8.O-O h5
9.Bxh3 Qxh3 10.Ng5 Qd7 11.h4 Nxe5 12.Ndf3 Nxf3+ 13.Nxf3 O-O-O 14.a3 c6 15.
b4 g5 16.Bb2 c5 17.bxc5 Bxc5 18.Qb3 gxh4 19.Nxh4 Ne7 20.Rab1 Rhg8 21.Qf3 
Rg4 22.Kg2 f5 23.Bc1 Rdg8 24.Rh1 Bd6 25.Kf1 f4 26.Bxf4 Bxf4 27.gxf4 Rf8 
28.Ng2 Rfg8 29.Nh4 Nc6 30.f5 Qg7 31.Ng6 Ne5 32.f6 Nxf3 33.fxg7 Rxg6 34.
exf3 R8xg7 35.Rd1 Rf6 1/2-1/2

[Event "Continental"]
[Site "Sao Paulo BRA"]
[Date "2009.07.30"]
[Round "7.90"]
[White "Cirilo, Guilherme de Araujo"]
[Black "Abdalla, Luiz Guilherme Aurelli"]
[Result "0-1"]
[WhiteElo "1803"]
[BlackElo "2089"]
[EventDate "2009.07.25"]
[PlyCount "82"]

1.f4 d5 2.Nf3 g6 3.e3 Bg7 4.Be2 c5 5.O-O Nc6 6.d3 Nf6 7.Nbd2 O-O 8.Qe1 Qc7
9.Qh4 Bf5 10.Rf2 c4 11.dxc4 dxc4 12.c3 b5 13.Nd4 Nxd4 14.exd4 Nd5 15.Nf1 
Nf6 16.Nd2 Rac8 17.g4 Bd7 18.Bf3 Bc6 19.Qg3 Nd5 20.Nf1 b4 21.Bd2 bxc3 22.
bxc3 Qa5 23.h4 Rb8 24.Bxd5 Qxd5 25.Qh2 Rb2 26.Ne3 Qb5 27.f5 Rb1+ 28.Rf1 
Rxa1 29.Rxa1 Qb2 30.Rf1 Qxa2 31.Rf2 Qb1+ 32.Rf1 Qe4 33.Qg2 Qxg2+ 34.Nxg2 
Bxg2 35.Kxg2 Rb8 36.Kg3 Rb2 37.Rf2 gxf5 38.gxf5 a5 39.Bc1 Rb3 40.Bd2 Bxd4 
41.Re2 Bxc3 0-1

[Event "Continental"]
[Site "Sao Paulo BRA"]
[Date "2009.07.30"]
[Round "7.92"]
[White "Mata, Luis Carlos da"]
[Black "Almeida, Heitor de"]
[Result "1-0"]
[WhiteElo "2079"]
[BlackElo "1958"]
[EventDate "2009.07.25"]
[PlyCount "35"]

1.e4 e6 2.d4 d5 3.exd5 exd5 4.c4 c6 5.Nc3 Be6 6.cxd5 cxd5 7.Qb3 Qd7 8.Bf4 
Nc6 9.Nf3 a6 10.Be2 Nf6 11.O-O b5 12.Nxb5 axb5 13.Bxb5 Bd6 14.Rfc1 Rc8 15.
Rxc6 Rxc6 16.Qa4 Rc8 17.Bxd6 Ne4 18.Bb4 1-0

[Event "Continental"]
[Site "Sao Paulo BRA"]
[Date "2009.07.30"]
[Round "7.94"]
[White "Chin Li, Victor"]
[Black "Freitas, Julio Eimard de"]
[Result "1/2-1/2"]
[WhiteElo "2034"]
[BlackElo "1870"]
[EventDate "2009.07.25"]
[PlyCount "80"]

1.e4 c5 2.Nf3 Nc6 3.d4 cxd4 4.Nxd4 Nf6 5.Nc3 d6 6.Be3 g6 7.Bc4 Bg7 8.f3 
O-O 9.Qd2 Bd7 10.O-O-O Rb8 11.g4 Ne5 12.Bb3 b5 13.g5 Nh5 14.f4 Nc4 15.Qe2 
Nxe3 16.Qxe3 Nxf4 17.Qxf4 e5 18.Qg3 exd4 19.Ne2 Be5 20.Qg1 Bc6 21.Bd5 Bxd5
22.exd5 Re8 23.Nxd4 Bxd4 24.Rxd4 Re5 25.h4 Qa5 26.Kb1 Rbe8 27.Rd1 b4 28.
Qd4 a6 29.h5 Rxg5 30.h6 Rge5 31.Qh4 Rxd5 32.Qf6 Rxd1+ 33.Rxd1 Qe5 34.Qh4 
a5 35.b3 Qc3 36.Qg5 Qe5 37.Qh4 f6 38.Qc4+ Kf8 39.Qc7 Re7 40.Qc8+ Re8 
1/2-1/2

[Event "Continental"]
[Site "Sao Paulo BRA"]
[Date "2009.07.30"]
[Round "7.95"]
[White "Tratz, Leonardo Schmaedecke"]
[Black "Chiari, Arthur Gontijo"]
[Result "1/2-1/2"]
[WhiteElo "2032"]
[BlackElo "1854"]
[EventDate "2009.07.25"]
[PlyCount "73"]

1.e4 c5 2.Nc3 e6 3.g3 Nc6 4.Bg2 Nf6 5.d3 d5 6.f4 Be7 7.Bd2 O-O 8.Nf3 Rb8 
9.O-O b5 10.Nh4 b4 11.Ne2 dxe4 12.dxe4 Nd4 13.Nf3 Nxe2+ 14.Qxe2 Qb6 15.Ne5
Ba6 16.Nc4 Rbd8 17.Be3 Ng4 18.Qxg4 Bxc4 19.Rfd1 Qa6 20.Bf3 Rxd1+ 21.Bxd1 
Rd8 22.Kf2 Bf6 23.e5 Be7 24.Be2 Kf8 25.b3 Bb5 26.Bxb5 Qxb5 27.Qe2 Qc6 28.
a3 bxa3 29.Rxa3 Qh1 30.h4 Qh2+ 31.Kf3 Qh1+ 32.Kg4 Qe4 33.Rxa7 h5+ 34.Kh3 
Qh1+ 35.Qh2 Qf3 36.Bf2 Rd1 37.Bg1 1/2-1/2

[Event "Continental"]
[Site "Sao Paulo BRA"]
[Date "2009.07.30"]
[Round "7.96"]
[White "Baccarin, Natalia Viaro"]
[Black "Cuevas Araya, Walter"]
[Result "1/2-1/2"]
[WhiteElo "1939"]
[BlackElo "2317"]
[EventDate "2009.07.25"]
[PlyCount "113"]

1.e4 c6 2.Nc3 d5 3.Nf3 Bg4 4.h3 Bh5 5.g4 Bg6 6.exd5 cxd5 7.d3 Nc6 8.h4 h6 
9.h5 Bh7 10.Bf4 Nf6 11.Bh3 d4 12.Ne2 e5 13.g5 hxg5 14.Bxg5 Qd5 15.Ng3 Bb4+
16.Kf1 Nd7 17.h6 gxh6 18.Bxh6 Bg6 19.Bg5 Be7 20.Bxe7 Nxe7 21.Nh4 O-O-O 22.
Bg2 Qb5 23.a4 Qc5 24.Nxg6 Rxh1+ 25.Bxh1 fxg6 26.b4 Qc7 27.Rc1 Kb8 28.c3 
dxc3 29.Ne2 Rf8 30.Nxc3 Qb6 31.Qe2 Nf5 32.Ke1 Nd4 33.Qg4 Qf6 34.Ne4 Qe7 
35.Nc3 Qf6 36.Ne4 Qe7 37.Nc3 Nf6 38.Qg3 Nd7 39.Nd5 Qh7 40.Bg2 Qh6 41.Rc3 
Rc8 42.Rxc8+ Kxc8 43.Nc3 Qf8 44.Nd5 Nc2+ 45.Ke2 Nxb4 46.Qxg6 Nxd5 47.Bxd5 
Qb4 48.Qe4 Qb2+ 49.Ke1 Nc5 50.Qf5+ Kc7 51.Qf7+ Nd7 52.Qf3 Qc3+ 53.Kf1 Qc1+
54.Kg2 Qg5+ 55.Kf1 Qc1+ 56.Kg2 Qg5+ 57.Kf1 1/2-1/2

[Event "Continental"]
[Site "Sao Paulo BRA"]
[Date "2009.07.30"]
[Round "7.97"]
[White "Ramos, Angelo Bil"]
[Black "Haman, Muhammad"]
[Result "1-0"]
[WhiteElo "2197"]
[BlackElo "1950"]
[EventDate "2009.07.25"]
[PlyCount "51"]

1.e4 e5 2.Nf3 Nc6 3.Bb5 a6 4.Ba4 Nf6 5.O-O Be7 6.Re1 b5 7.Bb3 O-O 8.d4 
exd4 9.e5 Ng4 10.h3 Ngxe5 11.Nxe5 Nxe5 12.Rxe5 Bf6 13.Re1 Bb7 14.Bf4 d6 
15.c4 c5 16.Nd2 d5 17.cxb5 axb5 18.Bc2 d3 19.Bxd3 Bxb2 20.Rb1 Bf6 21.Qc2 
Ra4 22.Be5 Bxe5 23.Rxe5 g6 24.Rxb5 Rb4 25.Qxc5 Rxb5 26.Qxb5 1-0

[Event "Continental"]
[Site "Sao Paulo BRA"]
[Date "2009.07.30"]
[Round "7.98"]
[White "Batista, Eliseu da Silva"]
[Black "Palozi, Paulo Ricardo"]
[Result "0-1"]
[WhiteElo "1901"]
[BlackElo "2127"]
[EventDate "2009.07.25"]
[PlyCount "62"]

1.e4 e5 2.Nf3 Nc6 3.d4 exd4 4.Nxd4 Bc5 5.Be3 Qf6 6.c3 Nge7 7.Nc2 Bb6 8.Nd2
d5 9.exd5 Nxd5 10.Bxb6 axb6 11.Qf3 Qe6+ 12.Be2 Ne5 13.Qg3 Nf4 14.Ne3 Qh6 
15.Nd5 Nxd5 16.Qxe5+ Be6 17.Nf3 O-O 18.O-O Nf4 19.Bd1 Ra5 20.Qxc7 Rh5 21.
Re1 Bd5 22.Re3 Bxf3 23.Bxf3 Rxh2 24.g3 Rxf2 25.Kxf2 Qh2+ 26.Kf1 Nh3 27.Ke1
Qf2+ 28.Kd1 Qxe3 29.Kc2 Qxf3 30.Qxb6 Qxg3 31.Qxb7 Qh2+ 0-1

[Event "Continental"]
[Site "Sao Paulo BRA"]
[Date "2009.07.30"]
[Round "7.99"]
[White "Costa, Giovanni de Almeida"]
[Black "Daneri, Martin"]
[Result "0-1"]
[WhiteElo "1931"]
[BlackElo "2121"]
[EventDate "2009.07.25"]
[PlyCount "71"]

1.d4 f5 2.Nf3 g6 3.c3 Bg7 4.Bg5 h6 5.Bc1 g5 6.e3 Nf6 7.Bd3 e6 8.Ne5 O-O 9.
Ng6 Re8 10.h4 d6 11.hxg5 hxg5 12.f4 g4 13.Kf2 Kf7 14.Nh4 Rh8 15.g3 b6 16.
Qb3 Bb7 17.Rh2 Bd5 18.c4 Be4 19.Nd2 Bxd3 20.Qxd3 d5 21.b3 Qd6 22.Bb2 a5 
23.Rah1 Nbd7 24.Kg1 a4 25.cxd5 Qxd5 26.Qc4 axb3 27.axb3 Ra2 28.Bc3 Rc2 29.
Qxd5 Nxd5 30.Ne4 Rxh2 31.Ng5+ Kf6 32.Rxh2 Nxc3 33.Rc2 Nd5 34.e4 fxe4 35.
Nxe4+ Kf7 36.Re2 0-1

[Event "Continental"]
[Site "Sao Paulo BRA"]
[Date "2009.07.30"]
[Round "7.100"]
[White "Chaves, Jorge Antonio Torres"]
[Black "Abdalla, Jose Lucas Aurelli"]
[Result "1-0"]
[WhiteElo "2102"]
[BlackElo "1939"]
[EventDate "2009.07.25"]
[PlyCount "65"]

1.Nf3 Nf6 2.c4 g6 3.d4 Bg7 4.Nc3 c5 5.d5 d6 6.h3 h5 7.e4 b5 8.cxb5 a6 9.a4
O-O 10.Bd3 Ne8 11.Bg5 axb5 12.axb5 Nc7 13.O-O Nd7 14.Nd2 Rb8 15.Qe2 Qe8 
16.Ra7 Bb7 17.Nc4 Bh8 18.Na5 f6 19.Bf4 Qc8 20.Nc6 Bxc6 21.dxc6 Nb6 22.e5 
fxe5 23.Bg5 Bf6 24.Bxg6 Kg7 25.Bxf6+ Rxf6 26.Bxh5 Nbd5 27.Nxd5 Nxd5 28.Bg4
Qd8 29.Qd2 Nc7 30.Qa5 Nxb5 31.Qxd8 Rxd8 32.Rxe7+ Kf8 33.Rb7 1-0

[Event "Continental"]
[Site "Sao Paulo BRA"]
[Date "2009.07.30"]
[Round "7.101"]
[White "Cella, Glaucio Dalla Cortt"]
[Black "Sztokbant, Bernardo Vainzoff"]
[Result "1/2-1/2"]
[WhiteElo "2044"]
[BlackElo "1936"]
[EventDate "2009.07.25"]
[PlyCount "48"]

1.e4 e5 2.Nf3 Nc6 3.d4 exd4 4.Bc4 Bc5 5.c3 d3 6.Qxd3 d6 7.O-O Nf6 8.e5 
Nxe5 9.Nxe5 dxe5 10.Qxd8+ Kxd8 11.Bxf7 Rf8 12.Rd1+ Ke7 13.Bc4 Ne4 14.Be3 
Bxe3 15.fxe3 Be6 16.Bxe6 Kxe6 17.Nd2 Nxd2 18.Rxd2 Rad8 19.Rad1 Rxd2 20.
Rxd2 c5 21.c4 g5 22.h3 h5 23.a4 a5 24.Rd3 Rf7 1/2-1/2

[Event "Continental"]
[Site "Sao Paulo BRA"]
[Date "2009.07.30"]
[Round "7.102"]
[White "Elihimas, Frederico Gomes"]
[Black "Barata, Hemar Antonio Galvao"]
[Result "1/2-1/2"]
[WhiteElo "1825"]
[BlackElo "2043"]
[EventDate "2009.07.25"]
[PlyCount "36"]

1.e4 c5 2.Nf3 Nc6 3.Nc3 a6 4.d4 cxd4 5.Nxd4 e6 6.a3 Qc7 7.Be3 Nf6 8.Be2 b5
9.O-O Bb7 10.f3 Rc8 11.Kh1 Be7 12.Qd2 Na5 13.Rad1 O-O 14.Qe1 d5 15.exd5 
Nxd5 16.Nxd5 Bxd5 17.c3 Nc4 18.Bc1 Rfd8 1/2-1/2

[Event "Continental"]
[Site "Sao Paulo BRA"]
[Date "2009.07.30"]
[Round "7.103"]
[White "Delai, Paula Fernanda"]
[Black "Awoki, Daniel Teidi"]
[Result "1-0"]
[WhiteElo "2042"]
[BlackElo "1927"]
[EventDate "2009.07.25"]
[PlyCount "105"]

1.e4 c5 2.Nf3 Nc6 3.d4 cxd4 4.Nxd4 g6 5.Nc3 Bg7 6.Be3 Nf6 7.Be2 O-O 8.Nb3 
a5 9.a4 d6 10.f4 Be6 11.g4 Bxb3 12.cxb3 Rc8 13.g5 Nd7 14.h4 Nb4 15.Rc1 Nc5
16.h5 Qb6 17.hxg6 Ncd3+ 18.Kd2 Bd4 19.gxh7+ Kg7 20.Bxd4+ Qxd4 21.Bxd3 Nxd3
22.Kc2 Nb4+ 23.Kb1 Qe3 24.Qf1 Nd3 25.Rc2 Nxf4 26.Rf2 Ng6 27.Rf5 Rc5 28.Rh3
Qd4 29.Rd3 Qb4 30.Qh3 Kh8 31.Rdf3 Qxb3 32.Qh6 Rcc8 33.Qh3 Qe6 34.Rxa5 Qxh3
35.Rxh3 Kg7 36.Rb5 Rb8 37.a5 Rh8 38.Nd5 e6 39.Nf6 Nf4 40.Rhb3 Ne2 41.Rxb7 
Ra8 42.Ra3 Kg6 43.a6 Kxg5 44.Nd7 Rxh7 45.Nb6 Rh1+ 46.Kc2 Nd4+ 47.Kd3 Rd1+ 
48.Kc4 d5+ 49.Kc5 Nb3+ 50.Kb4 Rxa6 51.Rxa6 dxe4 52.Nc4 Nd4 53.Rxf7 1-0

[Event "Continental"]
[Site "Sao Paulo BRA"]
[Date "2009.07.30"]
[Round "7.104"]
[White "Silva, Edson Rodrigo da"]
[Black "Gomes, Marco Tulio Caldeira"]
[Result "1/2-1/2"]
[WhiteElo "2027"]
[BlackElo "1890"]
[EventDate "2009.07.25"]
[PlyCount "62"]

1.d4 d5 2.c4 c6 3.Nc3 Nf6 4.e3 dxc4 5.Bxc4 Bf5 6.Qb3 e6 7.Qxb7 Nbd7 8.Qxc6
Bb4 9.Qa4 Qe7 10.Ne2 O-O 11.Qd1 Rac8 12.Bd3 Bxd3 13.Qxd3 Rfd8 14.O-O Ne5 
15.Qc2 Ng6 16.Bd2 Nh5 17.a3 Bd6 18.e4 e5 19.d5 Qh4 20.Qd3 Nhf4 21.Nxf4 
exf4 22.f3 Bc5+ 23.Kh1 Ne5 24.Qa6 g5 25.Be1 Qh5 26.Bf2 Nxf3 27.gxf3 Qxf3+ 
28.Kg1 Qg4+ 29.Kh1 Qf3+ 30.Kg1 Qg4+ 31.Kh1 Qf3+ 1/2-1/2

[Event "Continental"]
[Site "Sao Paulo BRA"]
[Date "2009.07.30"]
[Round "7.107"]
[White "Wolff, Carlos Alberto"]
[Black "Palomino, Alexandre"]
[Result "1-0"]
[WhiteElo "2017"]
[BlackElo "1879"]
[EventDate "2009.07.25"]
[PlyCount "131"]

1.e4 c5 2.Nf3 Nc6 3.d4 cxd4 4.Nxd4 Nf6 5.Nc3 d6 6.f3 Qb6 7.Nb3 g6 8.Qe2 a6
9.Be3 Qc7 10.O-O-O b5 11.Nd5 Nxd5 12.exd5 Ne5 13.Bd4 Bf5 14.g4 Bh6+ 15.Kb1
Bd7 16.h4 a5 17.g5 Bg7 18.Bh3 f6 19.gxf6 Bxf6 20.f4 Bxh3 21.Rxh3 Nd7 22.
Rc3 Qb7 23.Re3 O-O 24.h5 a4 25.Nc1 Rae8 26.hxg6 hxg6 27.Qg4 Bxd4 28.Rxd4 
Rf6 29.Rh3 Kg7 30.Rd1 Ref8 31.Rdh1 Kf7 32.Rh7+ Ke8 33.Re1 R8f7 34.Rxf7 
Kxf7 35.Rh1 Nf8 36.Qf3 Ke8 37.Qe4 Rf5 38.Re1 e6 39.dxe6 Qxe4 40.Rxe4 Ke7 
41.Nd3 Nxe6 42.c4 Kf6 43.cxb5 Rxb5 44.Rxa4 Kf5 45.Kc2 d5 46.b4 Nxf4 47.Ra5
Rxa5 48.bxa5 Ne6 49.a6 Nd4+ 50.Kc3 Nc6 51.Nb4 Na7 52.Nxd5 Ke6 53.Nf4+ Kd6 
54.Nxg6 Kc5 55.Ne5 Kb5 56.Kb3 Kxa6 57.Kb4 Kb6 58.Nc4+ Ka6 59.Kc5 Nb5 60.
Kb4 Na7 61.a4 Nc8 62.Kc5 Na7 63.Kd6 Nb5+ 64.Kc5 Nc3 65.a5 Na4+ 66.Kb4 1-0

[Event "Continental"]
[Site "Sao Paulo BRA"]
[Date "2009.07.30"]
[Round "7.108"]
[White "Ferreira, Jose Carlos"]
[Black "Garcia, Liria Caetano"]
[Result "0-1"]
[WhiteElo "2013"]
[BlackElo "1837"]
[EventDate "2009.07.25"]
[PlyCount "54"]

1.e4 c6 2.d4 d5 3.e5 g6 4.Nf3 Na6 5.Be2 Bg4 6.c3 Nc7 7.Nbd2 h5 8.h3 Bxf3 
9.Nxf3 e6 10.Be3 Qd7 11.b4 Ne7 12.Bd3 Nf5 13.Bg5 Be7 14.Bf4 h4 15.Ng5 Nb5 
16.Qd2 a5 17.bxa5 Rxa5 18.O-O Ra3 19.Rfc1 O-O 20.Rc2 Nc7 21.Nf3 b5 22.g4 
hxg3 23.fxg3 c5 24.Rac1 c4 25.Bf1 b4 26.cxb4 Rxf3 27.Bg2 Rd3 0-1

[Event "Continental"]
[Site "Sao Paulo BRA"]
[Date "2009.07.30"]
[Round "7.109"]
[White "Casares, Luis Alberto"]
[Black "Zanetti, Joao Carlos Pereira"]
[Result "1-0"]
[WhiteElo "2007"]
[BlackElo "1746"]
[EventDate "2009.07.25"]
[PlyCount "121"]

1.d4 d5 2.c4 e6 3.Nc3 Nf6 4.Nf3 Be7 5.Bg5 Nbd7 6.e3 h6 7.Bh4 O-O 8.Bd3 
dxc4 9.Bxc4 b6 10.O-O Bb7 11.Rc1 Nd5 12.Bg3 Nxc3 13.Rxc3 Nf6 14.Ne5 Ne4 
15.Rc2 Nxg3 16.hxg3 Bd6 17.Nf3 Qf6 18.Bd3 c5 19.dxc5 Bxf3 20.gxf3 Bxc5 21.
Qe2 Rad8 22.Rc4 Rd6 23.b4 Rfd8 24.Rd1 Bxb4 25.Rxb4 Qc3 26.Rb3 Qe5 27.Bc2 
Rxd1+ 28.Bxd1 Qa1 29.Rd3 Rxd3 30.Qxd3 Qxa2 31.Qd8+ Kh7 32.Kg2 Qb1 33.Qd2 
g6 34.Qd7 Kg7 35.Be2 Qb4 36.Qxa7 Qb2 37.Bc4 Kf6 38.Qa6 Qb4 39.Qb5 Qd6 40.
Qe8 h5 41.Qh8+ Ke7 42.Bb5 Qc5 43.Qe8+ Kf6 44.e4 Kg7 45.Qc6 Qd4 46.Ba6 Qb2 
47.Qb5 Qd4 48.Bb7 Qd8 49.Bc6 Kf8 50.Qe5 Kg8 51.f4 Qc8 52.Qd6 Qa6 53.Be8 
Qe2 54.Qc6 h4 55.Qb7 hxg3 56.Qxf7+ Kh8 57.Qf6+ Kh7 58.Bxg6+ Kh6 59.Qg5+ 
Kg7 60.Bh5+ Kh8 61.Bxe2 1-0

[Event "Continental"]
[Site "Sao Paulo BRA"]
[Date "2009.07.30"]
[Round "7.110"]
[White "Deus Filho, Joaquim de"]
[Black "Gotz, Klaus Seiji Furucho"]
[Result "1-0"]
[WhiteElo "1990"]
[BlackElo "1541"]
[EventDate "2009.07.25"]
[PlyCount "47"]

1.e4 c5 2.Nc3 a6 3.a4 b6 4.f4 Bb7 5.Nf3 d6 6.Bc4 e6 7.Ba2 Nd7 8.d3 Ngf6 9.
O-O Be7 10.Qe1 Qc7 11.f5 exf5 12.Qg3 O-O 13.Nh4 Ne5 14.Nxf5 Ng6 15.Bg5 
Rad8 16.Rf2 Kh8 17.Nxe7 Qxe7 18.Raf1 Qe5 19.Rxf6 Qxg3 20.hxg3 gxf6 21.
Bxf6+ Kg8 22.Bxd8 Rxd8 23.Rxf7 Bc8 24.Rd7+ 1-0

[Event "Continental"]
[Site "Sao Paulo BRA"]
[Date "2009.07.30"]
[Round "7.115"]
[White "Roland, Marcos Maldonado"]
[Black "Branchini, Fernando Luis Sakamot"]
[Result "1-0"]
[WhiteElo "2155"]
[BlackElo "1838"]
[EventDate "2009.07.25"]
[PlyCount "59"]

1.e4 e6 2.d4 d5 3.Nc3 Nf6 4.e5 Nfd7 5.f4 c5 6.Nf3 Nc6 7.Be3 Qb6 8.Qd2 c4 
9.Rb1 Qa5 10.a3 b5 11.f5 b4 12.axb4 Bxb4 13.fxe6 fxe6 14.Be2 O-O 15.O-O 
Bxc3 16.bxc3 Ne7 17.Qe1 Qa4 18.Qd1 Qa5 19.Ra1 Qxc3 20.Bd2 Qb2 21.Rb1 Qa2 
22.Bb4 Re8 23.Ra1 Qb2 24.Qd2 c3 25.Bxc3 Qb7 26.Ng5 Nf5 27.g4 Nh6 28.Qd3 g6
29.Qh3 Kg7 30.Rf7+ 1-0

[Event "Continental"]
[Site "Sao Paulo BRA"]
[Date "2009.07.30"]
[Round "7.116"]
[White "Mendes, David"]
[Black "Costa, Joao Carlos da"]
[Result "0-1"]
[WhiteElo "1827"]
[BlackElo "2007"]
[EventDate "2009.07.25"]
[PlyCount "46"]

1.d4 d5 2.c4 e5 3.dxe5 d4 4.Nf3 Nc6 5.g3 Nge7 6.Bg2 Ng6 7.O-O Be7 8.Na3 
Bxa3 9.bxa3 Ngxe5 10.Nxe5 Nxe5 11.Qb3 O-O 12.Bb2 Be6 13.Bd5 c5 14.Bxe6 
fxe6 15.Rad1 Qf6 16.e3 Nf3+ 17.Kg2 Nh4+ 18.gxh4 Qf3+ 19.Kg1 Rf6 20.h5 Rf5 
21.h4 Qg4+ 22.Kh2 Qxh4+ 23.Kg2 Qg4+ 0-1

[Event "Continental"]
[Site "Sao Paulo BRA"]
[Date "2009.07.30"]
[Round "7.117"]
[White "Pontes, Ailton"]
[Black "Riboldi, Mario Garcia"]
[Result "1-0"]
[WhiteElo "2001"]
[BlackElo "1696"]
[EventDate "2009.07.25"]
[PlyCount "57"]

1.d4 Nf6 2.c4 e6 3.Nc3 Bb4 4.Qc2 O-O 5.Bg5 d5 6.e3 b6 7.Nf3 Bb7 8.Bd3 h6 
9.Bh4 Nbd7 10.O-O Rc8 11.cxd5 exd5 12.Bf5 Be7 13.Ne5 g5 14.Bg3 Qe8 15.f4 
Nxe5 16.fxe5 Nd7 17.Qe2 c5 18.Qg4 Rd8 19.h4 a6 20.Bf4 f6 21.hxg5 fxg5 22.
Be6+ Kh8 23.Bxd7 Qxd7 24.e6 Qc6 25.Be5+ Kh7 26.e4 cxd4 27.exd5 Rxd5 28.
Qe4+ Kg8 29.Qg6# 1-0

[Event "Continental"]
[Site "Sao Paulo BRA"]
[Date "2009.07.30"]
[Round "7.118"]
[White "Figueiredo, Rodrigo Fraga Leandro"]
[Black "Baptista, Igor Lucas"]
[Result "1-0"]
[WhiteElo "1709"]
[BlackElo "1969"]
[EventDate "2009.07.25"]
[PlyCount "79"]

1.d4 Nf6 2.Bf4 g6 3.Nf3 Bg7 4.e3 O-O 5.Be2 c5 6.c3 cxd4 7.exd4 d6 8.O-O 
Nbd7 9.h3 a6 10.Re1 Rb8 11.a4 b5 12.axb5 axb5 13.b4 Re8 14.Ra5 Nd5 15.Bg3 
Nc7 16.Na3 Ba6 17.Qa1 Rb6 18.Nc2 Nb8 19.Ra3 Bb7 20.Ne3 e5 21.dxe5 dxe5 22.
Ng4 h5 23.Ne3 e4 24.Rd1 Qc8 25.Nd4 Nba6 26.Bxc7 Nxc7 27.Ra5 Ba6 28.Nb3 Ne6
29.Nd5 Rc6 30.Bxb5 Bxb5 31.Rxb5 Bxc3 32.Nxc3 Rxc3 33.Nc5 Nf4 34.Re1 Rc4 
35.Qa2 Rd4 36.Rb7 Qf5 37.Qa7 Nd3 38.Nxd3 Rxd3 39.Re7 Qf6 40.Rxe8+ 1-0

[Event "Continental"]
[Site "Sao Paulo BRA"]
[Date "2009.07.30"]
[Round "7.120"]
[White "Mello, Rodrigo de"]
[Black "Britez, Jorge Antonio Gonzales"]
[Result "1/2-1/2"]
[WhiteElo "1819"]
[BlackElo "1877"]
[EventDate "2009.07.25"]
[PlyCount "63"]

1.d4 Nf6 2.Nf3 g6 3.Bf4 Bg7 4.e3 O-O 5.Bc4 d5 6.Bb3 c5 7.c3 cxd4 8.exd4 
Nc6 9.O-O Bg4 10.Nbd2 Ne4 11.h3 Nxd2 12.Bxd2 Bxf3 13.Qxf3 e6 14.Rfe1 b5 
15.Bf4 Na5 16.Qe3 Nc4 17.Bxc4 bxc4 18.Be5 a5 19.Re2 a4 20.a3 Qh4 21.Bd6 
Rfe8 22.Qf3 Qf6 23.Qe3 Ra6 24.Bb4 Rea8 25.Rae1 Bf8 26.Qe5 Qxe5 27.Rxe5 
Bxb4 28.axb4 a3 29.bxa3 Rxa3 30.Rc1 Rb3 31.Re2 Raa3 32.Rec2 1/2-1/2